Didáctica de la matemática en la escuela primaria; tercera parte /
Guardado en:
| Autor Principal: | |
|---|---|
| Formato: | Libro |
| Publicado: |
Buenos Aires :
Kapelusz,
1975
|
| Materias: | |
| Etiquetas: |
Agregar Etiqueta
Sin Etiquetas, Sea el primero en etiquetar este registro!
|
| LEADER | 01058nam a22002175a 4500 | ||
|---|---|---|---|
| 001 | CEM.cems002280 | ||
| 005 | 20060216000000.0 | ||
| 008 | 130507s1975##################000#0#####d | ||
| 003 | CEMS | ||
| 082 | 0 | 4 | |a 372.7 |
| 100 | 1 | |a Escalona, Francisca de | |
| 245 | 1 | 0 | |a Didáctica de la matemática en la escuela primaria; tercera parte / |c Francisca de Escalona |
| 260 | |a Buenos Aires : |b Kapelusz, |c 1975 | ||
| 300 | |a 175 p. | ||
| 505 | 0 | |a 1. Bases para la ense¤anza de las matem ticas. 2. Diagn¢stico y correcci¢n en las dificultades de aprendizaje de la adici¢n. 3. Sustracci¢n de los n£meros naturales. Multiplicaci¢n de los naturales. Diagnosis y correcci¢n en las dificultades en el aprendizaje de la divisi¢n de los n£meros naturales | |
| 653 | |a Didactica de la matematica | ||
| 653 | |a Educacion | ||
| 653 | |a Educacion primaria | ||
| 859 | |a CEMS |b BIB. CEMS - 11 de abril |h 372.7 |i Es14/III |p 8093.80 |t Ej.1 | ||
| 859 | |a CEMS |b BIB. CEMS - 11 de abril |h 372.7 |i Es14/III |p 8094.80 |t Ej.2 | ||
| 859 | |a CEMS |b BIB. CEMS - 11 de abril |h 372.7 |i Es14/III |p 9546.81 |t Ej.3 | ||
